000
00301nam a2200109Ia 4500
008
200302s9999 xx 000 0 und d
100
_a
Theresa Coleman
245
_a
The Complete Guide To Custom Shelves & Built--Ins
260
_b
Creative Publishing International Inc
260
_c
2007
300
_a
238 P
999
_c
4897
_d
4897